|
|
|
|
| LEADER |
00000nas a2200000 a 4500 |
| 001 |
ssj0000576350 |
| 003 |
WaSeSS |
| 005 |
20200512172242.0 |
| 006 |
m d |
| 007 |
cr n |
| 008 |
850221c19849999pk fr s 0 a0eng c |
| 010 |
|
|
|a 86641391
|z sn 85015035
|
| 015 |
|
|
|a 014466759
|2 dnb
|
| 016 |
7 |
|
|a 014466759
|2 DE-101
|
| 016 |
7 |
|
|a 804280-9
|2 DE-600
|
| 016 |
7 |
|
|a 009881059
|2 Uk
|
| 022 |
|
|
|l 1026-678X
|y 1026-678X
|
| 035 |
|
|
|a (WaSeSS)ssj0000576350
|
| 037 |
|
|
|b South Asian Studies, Centre for South Asian Studies, University of the Punjab, New Campus, Lahore, Pakistan
|
| 040 |
|
|
|a CLU
|b eng
|c CLU
|d NST
|d HUL
|d NST
|d DLC
|d NST
|d DLC
|d NST
|d HUL
|d NST
|d EYM
|d CRL
|d DLC
|d CRL
|d OCL
|d SYS
|d HLS
|d WAU
|d OCLCQ
|d GBVCP
|d UKMGB
|d OCLCQ
|d OCLCA
|d OCLCF
|d OCLCO
|d CUS
|d OCLCO
|d DLC
|d HLS
|d WaSeSS
|
| 042 |
|
|
|a pcc
|
| 043 |
|
|
|a az-----
|
| 050 |
0 |
0 |
|a DS331
|b .S658
|
| 082 |
0 |
0 |
|a 954/.005
|2 19
|
| 130 |
0 |
|
|a South Asian studies (Lahore, Pakistan)
|
| 210 |
1 |
|
|a South Asian stud.
|
| 222 |
|
0 |
|a South Asian studies
|
| 245 |
1 |
0 |
|a South Asian studies
|h [electronic resource].
|
| 246 |
1 |
4 |
|a Journal of South Asian studies
|
| 260 |
|
|
|a Lahore, Pakistan :
|b Centre for South Asian Studies, University of the Punjab,
|c 1984-
|
| 310 |
|
|
|a Semiannual
|
| 362 |
0 |
|
|a Vol. 1, no. 1 (Jan. 1984)-
|
| 506 |
|
|
|a License restrictions may limit access.
|
| 588 |
|
|
|a Latest issue consulted: Vol. 28, no. 2 (July/Dec. 2013).
|
| 650 |
|
7 |
|a Pakistan.
|2 stw
|
| 650 |
|
7 |
|a Wirtschaftswissenschaft.
|2 stw
|
| 650 |
|
7 |
|a Politikwissenschaft.
|2 stw
|
| 650 |
|
7 |
|a Länderforschung.
|2 stw
|
| 650 |
|
7 |
|a Study skills.
|2 fast
|0 (OCoLC)fst01136216
|
| 651 |
|
0 |
|a South Asia
|v Periodicals.
|
| 651 |
|
0 |
|a South Asia
|x History
|v Periodicals.
|
| 651 |
|
0 |
|a South Asia
|x Study and teaching
|v Periodicals.
|
| 651 |
|
7 |
|a South Asia.
|2 fast
|0 (OCoLC)fst01244520
|
| 655 |
|
0 |
|a Electronic journals.
|
| 710 |
2 |
|
|a University of the Punjab.
|b Centre for South Asian Studies.
|
| 850 |
|
|
|a CLU
|a CU
|a CaOWtU
|a DLC
|a GEU
|a ICRL
|a IaU
|a MH
|a MH-CI
|a MiU
|a NN
|a NIC
|a NNC
|a NcD
|a PU
|a WaU
|
| 853 |
0 |
0 |
|8 1
|a v.
|b no.
|i (year)
|j (month)
|
| 856 |
4 |
0 |
|z Full text available from Research Library: 01/01/2010 to present
|u https://search.proquest.com/publication/276231
|
| 863 |
4 |
0 |
|8 1
|a <1>-
|i <1984>-
|x provisional
|